00616nam a2200169 a 450000100100000000500170001000800410002704000250006808200150009310000460010824500790015426000390023330000220027250400210029495201140031599900170042900003782320201002031124.0110222s19uu dr 000 0 spa d aDO-SdBNPbspacBNPHU axxxbC764c1 aContreras Núñez, Carlosd1951-95257210aConceptos básicos de contabilidad general /cCarlos Contreras Núñez. a[Santo Domingo] :f[s.n.]c198-?]. a215. p. ;c22 cm. aBibliografía : 00107-18PDaPDbPDcOId2013-03-06iLF1l0oxxx C764cp37823-10r2020-06-25w2020-06-25yLFPDZNo se presta c37313d37313